| 000 | 01060nam a2200253 a 4500 | ||
|---|---|---|---|
| 001 | 000038618 | ||
| 005 | 20240314181436.0 | ||
| 008 | 130416s2008 dr 000 0 spa d | ||
| 040 |
_aDO-SdBNP _bspa _cBNPHU |
||
| 082 |
_a342.729306 _bA516p, 2008 |
||
| 100 | 1 |
_aAmiama, Manuel A. _d1899-1991 _98438 |
|
| 245 | 1 | 0 |
_aProntuario de legislación administrativa dominicana / _cManuel A. Amiama ; revisado, anotado Raymundo Amaro Guzman ; presentación Ramón Ventura Camejo. |
| 250 | _a3a. ed. | ||
| 260 |
_aSanto Domingo : _bSEAP, _c2008. |
||
| 300 |
_a694 p. ; _c25 cm. |
||
| 500 | _aIncluye referencias bibliográficas y notas al pie de las páginas | ||
| 590 | _aInventariado, 2018/VM | ||
| 650 | 4 |
_aDerecho administrativo _zRepública Dominicana _91203 |
|
| 650 | 4 |
_aProcedimiento administrativo _zRepública Dominicana _98439 |
|
| 700 | 1 | 2 |
_aVentura Camejo, Ramón _926937 |
| 700 | 1 | 2 |
_aAmaro Guzmán, Raymundo _9656 |
| 710 | 1 | 2 |
_aRepública Dominicana. _bSecretaría de Estado de Administración Pública _957557 |
| 910 | _aValidado. Control de calidad MFF | ||
| 999 |
_c38108 _d38108 |
||